Čo priniesla novela antidiskriminačného zákona?

Povinnosť zamestnávateľa v pracovnoprávnych vzťahoch zaobchádzať so zamestnancami v súlade so zásadou rovnakého zaobchádzania ustanovenou zákonom č. 365/2004 Z.z. v znení neskorších predpisov. Dňa 14.2.2008 bol prijatý zákon č. 85/2008 Z.z., ktorý dopĺňa antidiskriminačný zákon o dôležité prvky. Jed...

Ausführliche Beschreibung

Gespeichert in:
Bibliographische Detailangaben
1. Verfasser: Gejdošová, Slavomíra
Format: Buchkapitel
Sprache:Slowakisch
Schlagworte:
Tags: Tag hinzufügen
Keine Tags, Fügen Sie das erste Tag hinzu!

MARC

LEADER 00000naa$a2200000$$$4500
001 0075254
005 20231109095434.7
041 0 |a slo 
044 |a SK 
245 1 0 |a Čo priniesla novela antidiskriminačného zákona?  |c Slavomíra Gejdošová 
520 |a Povinnosť zamestnávateľa v pracovnoprávnych vzťahoch zaobchádzať so zamestnancami v súlade so zásadou rovnakého zaobchádzania ustanovenou zákonom č. 365/2004 Z.z. v znení neskorších predpisov. Dňa 14.2.2008 bol prijatý zákon č. 85/2008 Z.z., ktorý dopĺňa antidiskriminačný zákon o dôležité prvky. Jednotlivé zmeny a vzor žaloby o určenie povinnosti zamestnávateľa vykonať nápravu a o zaplatenie primeranej náhrady nemajetkovej ujmy v peniazoch. 
610 2 0 |a právo pracovné 
610 2 0 |a legislatíva 
610 2 0 |a vzťahy pracovnoprávne 
610 2 0 |a diskriminácia pracovná 
610 2 0 |a zamestnanci 
610 2 0 |a zamestnávatelia 
610 2 0 |a zamestnanie 
610 2 0 |a odmeňovanie 
610 2 0 |a novelizácia 
100 1 |a Gejdošová, Slavomíra